000 00386 a2200157 4500
001 71876
020 _a8524909943
040 _cAnchieta - Colégio São Paulo
100 _aProminska, Elzbieta
240 1 0 _aAs aventuras de Paulina no Nilo
_lpor
245 1 0 _aAs aventuras de Paulina no Nilo
300 _a96
362 0 _a2004
650 4 _aLiteratura infanto-juvenil
942 _cBK
999 _c71876
_d71876